VPLYV ROZVOJA ZNALOSTI MANAŽÉROV NA EFEKTÍVNOSŤ ORGANIZÁCIE

Bibliographic Details
Main Authors: Godány, Gabriel (Author), Liberko, Igor, 1945- (Author), Kaňuch, Ján (Author)
Format: Article
Language:Slovak
ISBN:8023304437

MARC

LEADER 00000naa a2200000uu 4500
001 vtls010939978
003 SK-MaSNL
005 20260302134935.0
008 210902|2001 xo |||||||||||||||||slo|
015 |a SNBRA 
035 |a (urnnbn)urn:nbn:sk:snk:ar-a0baxk 
035 |a (uuid)166df7ee-62cb-4fe4-8763-a9d29791f406 
035 |a urn:nbn:sk:snk-aau37y 
040 |a SNKBUCL  |b slo  |c SNKBUCL  |e AACR2 
041 0 |a slo 
044 |a xo  |c SK 
100 1 |a Godány, Gabriel  |4 aut  |9 800017 
245 1 0 |a VPLYV ROZVOJA ZNALOSTI MANAŽÉROV NA EFEKTÍVNOSŤ ORGANIZÁCIE  |c Gabriel Godány, Igor Liberko, Ján Kaňuch 
700 1 |a Liberko, Igor,  |d 1945-  |4 aut  |9 221947 
700 1 |a Kaňuch, Ján  |4 aut  |9 279646 
773 0 |t Znalostný manažment - kľúč k úspechu  |d Bratislava : Dom techniky ZSVTS, 2001  |g S. 208-212  |z 8023304437 
958 |a OND 
958 |a article11 
958 |a chapter 
999 |c 1325017  |d 1326947